000 00660nam a22002177a 4500
003 OSt
005 20250826054821.0
008 250826b |||||||| |||| 00| 0 eng d
020 _a9780335263387
040 _aDWCL-Main lib
_cOC
082 _aCirc. 372.21 E96 2014
100 _aMaynard, Trisha
245 _a Exploring outdoor play in the early years/
_cTrisha Maynard
260 _aEngland :
_b Open University Press,
_cc2014.
300 _axii, 164 pages ;
_b 23 cm.
504 _aIncludes index.
650 _a1.Outdoor education.
650 _a2. Early childhood education.
650 _a 3. Education, elementary.
942 _2ddc
_cBK-CIRC
_kCirc.
_n0
999 _c4267
_d4267